| 000 | 01943nam a2200313Ia 4500 | ||
|---|---|---|---|
| 999 |
_c54775 _d54775 |
||
| 001 | 21843 | ||
| 003 | GE_BSU | ||
| 005 | 20220602160229.0 | ||
| 008 | 181216s ||||ge |||||||||||||| ||geo|| | ||
| 020 | _a99941-10-003-1 | ||
| 040 | _cGE_BSU | ||
| 041 | _ageo | ||
| 080 | _a811.353.1(072) მ-40 | ||
| 100 |
_aმაღლაკელიძე, ნათელა _913941 |
||
| 245 |
_aქართულის გაკვეთილები მეორე კლასში : _bმასწავლებლის წიგნი / _cნათელა მაღლაკელიძე, ცისანა ყურაშვილი, ელენე მაღლაკელიძე ;რედ. : ნელი ელიზბარაშვილი, მანანა ჩიკვილაძე ; მხატვ. ნინო ზაქარიაშვილი. |
||
| 264 |
_aთბილისი : _bმერიდიანი, _c2007. |
||
| 300 |
_a160 გვ. ; _c29 სმ. |
||
| 500 | _aპილოტირებულია... პროექტ "ილია ჭავჭავაძის" ფარგლებში 2006-2007 სასწ. წელს | ||
| 541 | _h6 ლ. | ||
| 653 | _aქართული ენა | ||
| 653 | _aქართულის გაკვეთილები მეორე კლასში | ||
| 653 | _aმასწავლებლის წიგნი | ||
| 700 |
_aყურაშვილი, ცისანა _eავტორი _913959 |
||
| 700 |
_aმაღლაკელიძე, ელენე _eავტორი _913960 |
||
| 700 |
_aელიზბარაშვილი, ნელი _eრედაქტორი _92498 |
||
| 700 |
_aჩიკვილაძე, მანანა _eრედაქტორი _913961 |
||
| 700 |
_aზაქარიაშვილი, ნინო _eმხატვარი _913962 |
||
| 942 |
_cBK _2udc |
||